00542nam a22001817a 450000500170000000800410001704000270005804100080008510000320009324500370012526000540016230000150021665000250023165000250025665000260028170000230030770000300033020200104041737.0160203b xxu||||| |||| 00| 0 spa d aCO-BoIAVH cCO-BoIAVH  aspa1 aHiguera Poveda, Maria Paola1 aGuía Temática y Metodologica aBoyaca:bPontificia Universidad Javeriana,c2002. a28 Paginas1 aUso de Biodiversidad1 aSistemas Productivos aEducación Ambiental aSuarez Vega, Paola aVega Fernandez, Alejandro